बेटी ;कहानी- संग्रह/ (Record no. 199557)
[ view plain ]
| 000 -LEADER | |
|---|---|
| fixed length control field | 00734nam a22001937a 4500 |
| 005 - DATE AND TIME OF LATEST TRANSACTION | |
| control field | 20231211154006.0 |
| 010 ## - LCCN (DPL NO) | |
| LC control number | 126522 |
| 020 ## - INTERNATIONAL STANDARD BOOK NUMBER | |
| International Standard Book Number | 9789382695110 |
| 035 ## - SYSTEM CONTROL NUMBER | |
| System control number | HN-98868 |
| 037 ## - SOURCE OF ACQUISITION | |
| Source of stock number/acquisition | DBAD/PUB |
| 082 ## - DEWEY DECIMAL CLASSIFICATION NUMBER | |
| Classification number | क |
| 100 ## - MAIN ENTRY--PERSONAL NAME | |
| Personal name | अजय कुमार सिंह |
| 245 ## - TITLE STATEMENT | |
| Title | बेटी ;कहानी- संग्रह/ |
| Statement of responsibility, etc | अजय कुमार सिंह |
| 250 ## - EDITION STATEMENT | |
| Edition statement | 1 |
| 260 ## - PUBLICATION, DISTRIBUTION, ETC. (IMPRINT) | |
| Place of publication, distribution, etc | दिल्ली |
| Name of publisher, distributor, etc | विकल्प |
| Date of publication, distribution, etc | 2021 |
| 270 ## - ADDRESS | |
| Address | 2226/बी, प्रथम तल, गली नं. 33, पहला पुस्ता सोनिया विहार, |
| City | दिल्ली |
| Postal code | 110090 |
| 300 ## - PHYSICAL DESCRIPTION | |
| Extent | 152पृष्ठ |
| Dimensions | 22(सजिल्द) |
| 942 ## - ADDED ENTRY ELEMENTS (KOHA) | |
| Item type | Hindi Books |
| Classification part | क |
| Source of classification or shelving scheme | Dewey Decimal Classification |
| Call number suffix | अजय |
| Withdrawn status | Lost status | Not for loan | Collection code | Home library | Current library | Date acquired | Source of acquisition | Cost, normal purchase price | Full call number | Barcode | Copy number | Cost, replacement price | Koha item type |
|---|---|---|---|---|---|---|---|---|---|---|---|---|---|
| D.B.Act.Division | D.B.Act.Division | 11/12/2023 | DBAD/PUB | 400.00 | क अजय | Hindi Books | |||||||
| Fiction | Vinoba Puri | Vinoba Puri | 11/12/2023 | DBAD/PUB | 400.00 | क | HN-98868 | 1 | 400.00 | Hindi Books |
